| 000 | 00692nam a2200193 i 4500 | ||
|---|---|---|---|
| 001 | 161731 | ||
| 003 | ES-MaACL | ||
| 005 | 20240522063058.0 | ||
| 008 | 950206s1883 sp |||| | spa d | ||
| 100 | 1 |
_aPereda, José María de, _d1833-1906 _990447 |
|
| 245 | 1 | 0 |
_aPedro Sánchez / _cpor José María de Pereda. |
| 260 |
_aMadrid : _b[s.n.], _c1883 ( _fImp. y Fundición de M. Tello) |
||
| 300 |
_a475 p. ; _c18 cm. |
||
| 530 | _aDisponible en formato digital. | ||
| 852 |
_aES-MaACL _jB-3675 _z- Enc. hol. |
||
| 856 |
_uhttp://bdh-rd.bne.es/viewer.vm?id=0000247065&page=1 _yVersión en línea _zBiblioteca Digital Hispánica |
||
| 942 | _2udc | ||
| 999 |
_c161731 _d161731 |
||